UBT Library

SMALL BUSINESS MANAGEMENT (Record no. 60714)

000 -LEADER
fixed length control field 00355nam a22001457a 4500
008 - FIXED-LENGTH DATA ELEMENTS--GENERAL INFORMATION
fixed length control field 250514b ||||| |||| 00| 0 eng d
020 ## - INTERNATIONAL STANDARD BOOK NUMBER
International Standard Book Number 9780324827835
041 ## - LANGUAGE CODE
Language code of text/sound track or separate title eng
080 ## - UNIVERSAL DECIMAL CLASSIFICATION NUMBER
Edition identifier 15 EDITION
Universal Decimal Classification number 330LON
082 ## - DEWEY DECIMAL CLASSIFICATION NUMBER
Edition number 330LON
Classification number 330LON
100 ## - Rafti
Rafti 23
101 ## - Shkurtesa
Shkurtesa BIZNES
245 ## - TITLE STATEMENT
Title SMALL BUSINESS MANAGEMENT
Statement of responsibility, etc JUSTIN G.LONGENECKER
942 ## - ADDED ENTRY ELEMENTS (KOHA)
Source of classification or shelving scheme
Item type Books
Holdings
Withdrawn status Lost status Source of classification or shelving scheme Damaged status Not for loan Collection code Permanent location Current location Date acquired Total Checkouts Full call number Barcode Date last seen Price effective from Koha item type
          Koleksioni i përgjithshem UBT - Lipjan UBT - Lipjan 05/14/2025   330LON 002-8000709991 05/14/2025 05/14/2025 Books
UBT Library © 2015-2024. All rights reserved University Education for Business and Technology